Geometry Vocabulary Quiz Stats

 Plays Quiz not verified by Sporcle

Challenge
Share
Tweet
Embed
Score 0/45 Timer 15:00
0 Plays Today
Definition Term/Word % Correct
3.1415926535897932384626433832795028pi
67.9%
this quadrilateral is equiangular and equilateralsquare
65.4%
this quadrilateral is equiangularrectangle
60.3%
has four sidesquadrilateral
56.4%
the distance from the center to a point on the circleradius
56.4%
this quadrilateral is equilateralrhombus
55.1%
a chord that passes through the center of the circlediameter
55.1%
the distance around a circlecircumference
55.1%
a rule accepted as true without proofpostulate
53.8%
two lines meet at 90 degreesperpendicular
52.6%
a segment whose endpoints are points on a circlechord
52.6%
has two pairs of parallel sidesparallelogram
51.3%
has one pair of parallel sidestrapezoid
50%
shape with 12 sidesdodecagon
47.4%
the set of all points in a plane that are equidistant from a given pointcircle
46.2%
a line in the plane of a circle that intersects the circle in exactly one pointtangent
46.2%
a line that intersects two parallel linestransversal
42.3%
transformation in which a figure is turned about a fixed pointrotation
41%
the study of properties of triangles and their measurestrigonometry
38.5%
a quantity that has both direction and magnitude, or size, and is represented by an arrow drawn between two pointsvector
35.9%
this quadrilateral has one pair of opposite angles that are congruentkite
34.6%
earth measureGeometry
33.3%
what's the square root symbol calledradical
33.3%
Definition Term/Word % Correct
a line that intersects a circle in two pointssecant
32.1%
a statement based on observationsconjecture
30.8%
lines that are not parallel, but never touchskew lines
30.8%
the sum of all exterior sides of a polygonperimeter
28.2%
two angles that share a common rayadjacent angles
26.9%
the new figureimage
23.1%
the point at which a tangent line intersects the circle to which it is tangentpoint of tangency
23.1%
coplanar circles that have a common centerconcentric
23.1%
partial circumferencearc length
23.1%
the angle formed from ground upangle of elevation
21.8%
the angle down from some horizontal lineangle of depression
21.8%
the original figurepreimage
21.8%
angle between two given sidesincluded angle
20.5%
side between two given anglesincluded side
19.2%
segments that connect the midpoints of the three sides of the trianglemidsegments
12.8%
the multiplier between the side length ratiosscale factor
12.8%
partial area given a known arc measurearea of a sector
11.5%
the point about which an object rotatescenter of rotation
10.3%
transformation that preserves lengths, angle measures, parallel lines, and distances between pointsisometry
9%
formal way of writing (using symbols)notation
7.7%
symbol that goes on the imageprimes
3.8%
horizontal and vertical grid point on the circlelattice points
2.6%

You're not logged in!

Compare scores with friends on all Sporcle quizzes.
Join for Free
OR
Log In

You Might Also Like...

Show Comments

Extras

Top Quizzes Today


Score Distribution

Your Account Isn't Verified!

In order to create a playlist on Sporcle, you need to verify the email address you used during registration. Go to your Sporcle Settings to finish the process.

Report this User

Report this user for behavior that violates our Community Guidelines.

Details: